Name All of the Central Line Stations - Statistics

General Stats
  • This quiz has been taken 23 times
  • The average score is 31 of 49
Answer Stats
Zone Other Lines Answer % Correct
1 DLRNorthern Waterloo & City Bank
88%
2/3 DLR ElizabethJubilee Mildmay Stratford
88%
1 - Chancery Lane
81%
6 - Epping
81%
2 - White City
81%
1 ElizabethJubilee Bond Street
75%
3 - Hanger Lane
75%
3 - Leyton
75%
1 - Marble Arch
75%
2 DistrictHammersmith & City Mile End
75%
1/2 CircleDistrict Notting Hill Gate
75%
1 BakerlooVictoria Oxford Circus
75%
2 Mildmay Shepherd's Bush
75%
6 - Theydon Bois
75%
1 NorthernElizabeth Tottenham Court Road
75%
2 - Bethnal Green
69%
2 - East Acton
69%
4 - Hainault
69%
1 - Lancaster Gate
69%
3/4 - Leytonstone
69%
1 CircleElizabeth Hammersmith & City Metropolitan Weaver Liverpool Street
69%
4 - Perivale
69%
1 - Queensway
69%
1 - St Paul's
69%
3 - West Acton
69%
6 - West Ruislip
69%
3 DistrictElizabeth Ealing Broadway
63%
6 - Loughton
63%
2/3 - North Acton
63%
5 - Northolt
63%
4 - Redbridge
63%
4 - Woodford
63%
4 - Barkingside
56%
6 - Debden
56%
4 - Grange Hill
56%
4 - Greenford
56%
2 - Holland Park
56%
4 - Newbury Park
56%
5 - South Ruislip
56%
4 - Wanstead
56%
4 - Chigwell
50%
5 - Ruislip Gardens
50%
4 - South Woodford
50%
4 - Fairlop
44%
4 - Gants Hill
44%
4 - Roding Valley
44%
4 - Snaresbrook
44%
5 - Buckhurst Hill
38%
1 Piccadilly Holburn
19%
No matching quizzes found
Score Distribution
Percent of People with Each Score
Percentile by Number Answered
Your Score History
You have not taken this quiz